| 000 | 00599nam a2200145Ia 4500 | ||
|---|---|---|---|
| 008 | 170221s9999 xx 000 0 und d | ||
| 100 | _aBaderisham Jolly | ||
| 245 | 4 | _aThe Influence of Management Capability, Marketing Capability and Competitive Advantage on Malaysian Construction Project Performance | |
| 245 | _cBaderisham Jolly, Filzah Md Isa, Siti Norezam Othman, Muhd Afiq Syazwan Ahmdon | ||
| 260 | _bInternational Review of Management and Marketing | ||
| 260 | _cJune 2012 | ||
| 300 | _a4:1 | ||
| 650 | _xMarketing. | ||
| 856 | _uhttp://www.econjournals.com/index.php/irmm/issue/view/97 | ||
| 999 |
_c310449 _d310449 |
||